LEADER 01098cam0 2200301 450 001 000007187 005 20090216155120.0 010 $a88-15-09109-2 100 $a20060515d1997----km-y0itay50------ba 101 1 $aita$ceng 102 $aIT 105 $aa-------001yy 200 1 $aLeggere la rivoluzione industriale$eun bilancio storiografico$fJoel Mokyr 210 $aBologna$cIl Mulino$dc1997 215 $a260 p.$ctab.$d22 cm 225 2 $aUniversale Paperbacks$v314 410 0$12001$aUniversale Paperbacks 500 10$a<>new economic history and the industrial revolution$m$914970 610 1 $aRivoluzione industriale$aGran Bretagna 610 1 $aStoria economica 676 $a330.94107$v20$9Situazioni e condizioni economiche. Isole britanniche. 1714-1837 700 1$aMokyr,$bJoel$0129193 801 0$aIT$bUNIPARTHENOPE$gRICA$2UNIMARC 912 $a000007187 951 $a040/43$b10708$cNAVA2$d2006 951 $a040S/137$b35$cNAVA2$d2006 996 $aEditor's introduction: the new economic history and the industrial revolution$914970 997 $aUNIPARTHENOPE LEADER 01394nam2 2200289 450 001 000033038 005 20221207143620.0 100 $a20200511d1957----km-y0itay50------ba 101 0 $aita 102 $aIT 105 $ay-------001yy 200 1 $aConferenza Internazionale per la disciplina dell'uso del radar nella navigazione marittima$eatti ufficiali (Genova 16-19 maggio 1957)$dIntervento di Antonino Sposito 210 $aGenova$cPubblicazioni del Civico Istituto Colombiano$d1967 215 $aP. 295-296$d24 cm 225 2 $aLavori scientifici e scritti diversi$fAntonino Sposito 410 0$12001$aLavori scientifici e scritti diversi 461 1$1001000034999$aG. Simeon - Opere 500 10$aConferenza Internazionale per la disciplina dell'uso del radar nella navigazione marittima : atti ufficiali (Genova 16-19 maggio 1957)$91742685 610 1 $aRadar$aImpiego nella Navigazione 676 $a623.89$v21$9Tecnica della navigazione. Scelta e determinazione della rotta 700 1$aSposito,$bAntonino$0630092 801 0$aIT$bUNIPARTHENOPE$c20200511$gRICA$2UNIMARC 912 $a000033038 951 $aColl. SIM. 2-7/4$bs.i.$cDSA$d2020 951 $aColl. SIM. 2-7 bis/4 bis$bs.i.$cDSA$d2020 996 $aConferenza Internazionale per la disciplina dell'uso del radar nella navigazione marittima : atti ufficiali (Genova 16-19 maggio 1957)$91742685 997 $aUNIPARTHENOPE